[Event "Quebec op"]
[Site "Montreal"]
[Date "1989.07.22"]
[Round "1"]
[White "Hebert, Jean"]
[Black "Larocque, Denis"]
[Result "1-0"]
[WhiteElo "2394"]
[BlackElo "1872"]
[PlyCount "69"]
[EventDate "1989.07.22"]
[EventType "swiss"]
[EventRounds "8"]
[EventCountry "CAN"]
[SourceTitle "EXT 2022"]
[Source "ChessBase"]
[SourceDate "2021.10.06"]
[SourceVersion "1"]
[SourceVersionDate "2021.10.06"]
[SourceQuality "1"]

1. Nf3 d5 2. c4 c6 3. d4 Nf6 4. Nc3 dxc4 5. a4 Bf5 6. Ne5 Nbd7 7. Nxc4 Qc7 8. g3 e5 9. dxe5 Nxe5 10. Bf4 Nfd7 11. Bg2 f6 12. 0-0 Be6 13. Nxe5 fxe5 14. Be3 Bc5 15. Qc1 Bxe3 16. Qxe3 Qb6 17. Qg5 0-0 18. a5 Qc7 19. a6 b5 20. Qh4 Rac8 21. Be4 Bf5 22. b4 Bxe4 23. Nxe4 Qd8 24. Qg4 Qe7 25. Rac1 Nf6 26. Nxf6+ Qxf6 27. Qe4 Rfd8 28. Rfd1 Rxd1+ 29. Rxd1 g6 30. Rd7 Qf5 31. Qxf5 gxf5 32. Rxa7 c5 33. bxc5 b4 34. Rb7 Ra8 35. a7 1-0

[Event "Montreal Pere Noel"]
[Site "Montreal"]
[Date "1986.12.29"]
[Round "4"]
[White "Morin, Louis"]
[Black "Larocque, Denis"]
[Result "1/2-1/2"]
[WhiteElo "1825"]
[BlackElo "1696"]
[PlyCount "59"]
[EventDate "1986.12.26"]
[EventType "swiss"]
[EventRounds "5"]
[EventCountry "CAN"]
[SourceTitle "EXT 2022"]
[Source "ChessBase"]
[SourceDate "2021.10.06"]
[SourceVersion "1"]
[SourceVersionDate "2021.10.06"]
[SourceQuality "1"]

1. e4 c5 2. Nf3 d6 3. c3 Nf6 4. Bd3 Nc6 5. Bc2 Bg4 6. d3 Qc7 7. h3 Bh5 8. Nbd2 e6 9. Qe2 Be7 10. 0-0 Nd7 11. Qe3 0-0 12. Nh2 Bg6 13. f4 h6 14. Ndf3 Nb6 15. Qf2 d5 16. Nh4 Bh7 17. Ng4 c4 18. f5 cxd3 19. Bxd3 Ne5 20. Qg3 Bxh4 21. Qxe5 Qxe5 22. Nxe5 dxe4 23. Bxe4 Bxf5 24. Bxf5 exf5 25. Rxf5 Rae8 26. Nf3 Bg3 27. Nd4 Re1+ 28. Rf1 Bh2+ 29. Kf2 Bg3+ 30. Kg1 1/2-1/2

[Event "Montreal Automne Specialiste"]
[Site "Montreal"]
[Date "1986.10.04"]
[Round "2"]
[White "Zalys, Ignas"]
[Black "Larocque, Denis"]
[Result "1-0"]
[WhiteElo "1950"]
[BlackElo "1665"]
[PlyCount "77"]
[EventDate "1986.10.04"]
[EventType "swiss"]
[EventRounds "5"]
[EventCountry "CAN"]
[SourceTitle "EXT 2022"]
[Source "ChessBase"]
[SourceDate "2021.10.06"]
[SourceVersion "1"]
[SourceVersionDate "2021.10.06"]
[SourceQuality "1"]

1. e4 c5 2. Nf3 d6 3. d4 cxd4 4. Nxd4 Nf6 5. Nc3 e6 6. g4 h6 7. h4 Nc6 8. Rg1 a6 9. g5 hxg5 10. Bxg5 Be7 11. Qd2 Qb6 12. Nb3 Bd7 13. 0-0-0 Ne5 14. Nd4 Rc8 15. Be3 Qc7 16. f4 Nc4 17. Bxc4 Qxc4 18. Rxg7 Bf8 19. Rg5 Rxh4 20. Nf3 Rg4 21. Bd4 Rxg5 22. Nxg5 Be7 23. Qh2 Bc6 24. Kb1 Kd7 25. e5 Nd5 26. Nxd5 Bxd5 27. b3 Qc6 28. Nxf7 Be4 29. Rd2 d5 30. Nd6 Bxd6 31. exd6 Qxd6 32. Kb2 b5 33. Be5 Qe7 34. Qe2 Qh7 35. c3 Qg6 36. Qe3 Kc6 37. Qa7 Qh7 38. Qxa6+ Kd7 39. Qb7+ 1-0